[Event "FRA-ch U20"]
[Site "Hyeres"]
[Date "2019.04.20"]
[Round "8"]
[White "Pigeat, Alexandre"]
[Black "Roussel, Simon"]
[Result "1-0"]
[WhiteElo "2347"]
[BlackElo "2126"]
[PlyCount "147"]
[EventDate "2019.04.14"]
[EventType "swiss"]
[EventRounds "9"]
[EventCountry "FRA"]
[SourceTitle "CBM 190 Extra"]
[Source "ChessBase"]
[SourceDate "2019.07.15"]
[SourceVersion "1"]
[SourceVersionDate "2019.07.15"]
[SourceQuality "1"]

1. d4 d5 2. c4 dxc4 3. Qa4+ Qd7 4. Qxc4 Qc6 5. Nd2 Qxc4 6. Nxc4 Nc6 7. Bf4 Nxd4 8. 0-0-0 Ne6 9. e3 Nxf4 10. exf4 e6 11. Nh3 Bc5 12. Bd3 Ne7 13. Ng5 Nc6 14. Be4 Bxf2 15. g3 h6 16. Nf3 0-0 17. Rd2 Bc5 18. Rhd1 g6 19. Kb1 Rb8 20. Bxc6 bxc6 21. Nfe5 Rb4 22. b3 Ba6 23. Nxc6 Bxc4 24. Nxb4 Bxb4 25. bxc4 Bxd2 26. Rxd2 Rb8+ 27. Kc2 Rb6 28. Rd7 Rc6 29. Kc3 Kf8 30. Kb4 Ke8 31. Rd2 Ke7 32. c5 a6 33. Kc4 f6 34. g4 f5 35. h3 g5 36. Re2 gxf4 37. gxf5 Kf6 38. Kd4 Kxf5 39. Re5+ Kf6 40. h4 f3 41. Re3 e5+ 42. Kd5 Re6 43. Rxf3+ Ke7 44. a3 a5 45. Ke4 Rf6 46. Rg3 Ke6 47. h5 Rf4+ 48. Ke3 Ra4 49. Rg6+ Kd5 50. Rxh6 Rxa3+ 51. Kd2 Rh3 52. c6 a4 53. Kc2 a3 54. Kb1 Rh2 55. Rh7 Kxc6 56. h6 Kd5 57. Rd7+ Kc6 58. Rh7 Kd6 59. Rh8 Kd5 60. h7 Ke4 61. Ra8 Rxh7 62. Ra4+ Kd5 63. Rxa3 c5 64. Kc2 e4 65. Ra4 Rh3 66. Kd2 Rd3+ 67. Ke2 Rb3 68. Ra8 Rh3 69. Rd8+ Kc4 70. Re8 Kd4 71. Rd8+ Kc3 72. Re8 e3 73. Kd1 c4 74. Re7 1-0